Evolução e tendências em auditoria ambiental / (Record no. 1522)
[ view plain ]
| 000 -LÍDER | |
|---|---|
| Campo Fixo de Controle | 01245nam a2200301 a 4500 |
| 001 - NÚMERO DE CONTROLE | |
| Campo de Controle | 1522 |
| 003 - IDENTIFICAÇÃO DO NÚMERO DE CONTROLE | |
| Campo de Controle | BR-CuiBMT |
| 005 - DATA E HORA DA ÚLTIMA ATUALIZAÇÃO | |
| Campo de Controle | 20231214001653.0 |
| 008 - DADOS FIXOS | |
| Dados Fixos | 231117s2009 dfba 000 0 por d |
| 020 ## - INTERNATIONAL STANDARD BOOK NUMBER | |
| Nº do ISBN | 9780662468615 |
| 040 ## - AGÊNCIA CATALOGADORA | |
| Código da Agência Catalogadora | BR-CuiBMT |
| Agência que transcreveu o registro | BR-CuiBMT |
| 080 ## - Nº DA CLASSIFICAÇÃO DECIMAL UNIVERSAL | |
| Nº Class. CDU | 657.6:504 |
| Nº edição CDU | 2007 |
| 090 ## - NÚMERO DE CHAMADA | |
| Nº classificação | 657.6:504 |
| Cutter | I61e |
| 110 1# - ENTRADA PRINCIPAL -- ENTIDADE | |
| Nome da entidade ou lugar | International Organization of Supreme Audit Institutions. |
| Unidade subordinada | Working Group on Environmental Auditing. |
| 240 1# - TÍTULO UNIFORME/ORIGINAL | |
| Título original | Evolution and trends in environmental auditing. |
| Idioma da publicação | Português. |
| 245 10 - TÍTULO PRINCIPAL | |
| Título principal | Evolução e tendências em auditoria ambiental / |
| Indicação de responsabilidade | Grupo de trabalho de auditoria ambiental da Intosai. |
| 260 ## - PUBLICAÇÃO, DISTRIBUIÇÃO, ETC. | |
| Local de publicação | Brasília: |
| Editora | Tribunal de Contas da União, |
| Data | 2009. |
| 300 ## - DESCRIÇÃO FÍSICA | |
| N. páginas ou volumes | 91 p. : |
| Ilustrações | il. ; |
| Dimensões | 29 cm |
| 500 ## - NOTAS GERAIS | |
| Notas gerais | Tradução de: Evolution and trends in environmental auditing. |
| 500 ## - NOTAS GERAIS | |
| Notas gerais | Publicação editada pela Editora do TCU. |
| 500 ## - NOTAS GERAIS | |
| Notas gerais | O Brasil foi um dos países contribuintes do grupo de trabalho. Auditorias do TCU foram utilizadas para elaboração do relatório. |
| 504 ## - NOTA DE BIBLIOGRAFIA, ETC. | |
| Nota de bibliografia | inclui bibliografia. |
| 650 ## - ASSUNTO TÓPICO | |
| Cabeçalho tópico ou nome geográfico | Auditoria ambiental |
| Subdivisão geográfica | Brasil |
| 650 ## - ASSUNTO TÓPICO | |
| Cabeçalho tópico ou nome geográfico | Instituição superior de controle |
| 650 ## - ASSUNTO TÓPICO | |
| Cabeçalho tópico ou nome geográfico | Governança pública |
| 650 ## - ASSUNTO TÓPICO | |
| Cabeçalho tópico ou nome geográfico | Meio ambiente |
| Subdivisão geral | Fiscalização |
| 942 ## - ELEMENTOS DE ENTRADA ADICIONAIS (KOHA) | |
| Fonte de classificação ou esquema de arquivamento | Classificação Decimal Universal |
| Tipo de item do Koha | Livros |
| Estado: removido | Estado: perdido | Fonte de classificação ou esquema de arquivamento | Estado: danificado | Indisponível para empréstimo | Localização permanente | Localização atual | Data de aquisição | Total Checkouts | Número de Chamada completo | Código de barras | Date last seen | Número do exemplar | Preço efetivo a partir de | Tipo de item (Koha) |
|---|---|---|---|---|---|---|---|---|---|---|---|---|---|---|
| Classificação Decimal Universal | Biblioteca da Escola Superior de Contas do TCE/MT | Biblioteca da Escola Superior de Contas do TCE/MT | 13/12/2023 | 657.6:504 I61e | BIBTCEMT23120450 | 14/12/2023 | Ex. 1 | 14/12/2023 | Livros |